[Event "Olympiad-42"]
[Site "Baku"]
[Date "2016.09.09"]
[Round "7.2"]
[White "Kavinda, Akila"]
[Black "Al Moshaiti, Khalil"]
[Result "1-0"]
[WhiteElo "2020"]
[BlackElo "2053"]
[PlyCount "81"]
[EventDate "2016.09.02"]
[EventType "team-swiss"]
[EventRounds "11"]
[EventCountry "AZE"]
[SourceTitle "CBM 175"]
[Source "ChessBase"]
[SourceDate "2016.11.10"]
[SourceVersion "1"]
[SourceVersionDate "2016.11.10"]
[SourceQuality "1"]
[WhiteTeam "Sri Lanka"]
[BlackTeam "Libya"]
[WhiteTeamCountry "SRI"]
[BlackTeamCountry "LBY"]

1. d4 Nf6 2. Nf3 e6 3. c4 Bb4+ 4. Nbd2 b6 5. a3 Bxd2+ 6. Qxd2 Bb7 7. e3 Ne4 8. Qc2 0-0 9. b4 d6 10. Bb2 Nd7 11. Rd1 f5 12. d5 e5 13. Bd3 Ndf6 14. 0-0 Qe8 15. Ne1 g6 16. f3 Ng5 17. Qf2 Nf7 18. Qh4 Qe7 19. g4 Nxd5 20. Qf2 Nf6 21. gxf5 g5 22. e4 Kh8 23. Kh1 Nh5 24. Rg1 Nf4 25. Bf1 Rg8 26. c5 g4 27. Qe3 Nh3 28. Rg3 Qg5 29. Qxg5 Nfxg5 30. Bxh3 Nxh3 31. Kg2 Nf4+ 32. Kf2 h5 33. cxd6 cxd6 34. Rxd6 Rae8 35. Ke3 h4 36. Rxg4 Rxg4 37. fxg4 h3 38. Rd7 Ng2+ 39. Kf2 Nxe1 40. Kxe1 Bxe4 41. f6 1-0

[Event "Olympiad-42"]
[Site "Baku"]
[Date "2016.09.03"]
[Round "2.2"]
[White "Al Moshaiti, Khalil"]
[Black "Fidow, Kassim Hassan"]
[Result "1/2-1/2"]
[WhiteElo "2053"]
[BlackElo "1567"]
[PlyCount "64"]
[EventDate "2016.09.02"]
[EventType "team-swiss"]
[EventRounds "11"]
[EventCountry "AZE"]
[SourceTitle "CBM 175"]
[Source "ChessBase"]
[SourceDate "2016.11.10"]
[SourceVersion "1"]
[SourceVersionDate "2016.11.10"]
[SourceQuality "1"]
[WhiteTeam "Libya"]
[BlackTeam "Somalia"]
[WhiteTeamCountry "LBY"]
[BlackTeamCountry "SOM"]

1. d4 Nf6 2. Nf3 c5 3. e3 e6 4. c4 d5 5. Nc3 cxd4 6. exd4 Bb4 7. Bd3 dxc4 8. Bxc4 Qc7 9. Qa4+ Nc6 10. 0-0 a6 11. d5 exd5 12. Nxd5 Nxd5 13. Bxd5 Be7 14. Bf4 Qb6 15. Rfe1 Kf8 16. Qe4 Qb4 17. Bxc6 bxc6 18. Qxb4 Bxb4 19. Re4 Be7 20. Rae1 Be6 21. Nd4 Bf6 22. Bd6+ Kg8 23. Nxe6 fxe6 24. Rxe6 Bxb2 25. Re8+ Kf7 26. R8e7+ Kg6 27. Be5 Bxe5 28. R7xe5 Rhc8 29. Rc5 Rab8 30. g3 Kf6 31. Rec1 Rb6 32. a4 Ke7 1/2-1/2